|
|
|
|
| LEADER |
01442nam a2200265 a 4500 |
| 001 |
GR-Patra7557 |
| 008 |
991022s1983 gr 000 0 gre d |
| 040 |
|
|
|a GrPaTEI
|b gre
|c GR-PaULI
|
| 245 |
0 |
0 |
|a Αναλυτικά προγράμματα για μια νέα εποχή στην εκπαίδευση.
|
| 260 |
|
|
|a Αθήνα :
|b Γρηγόρης,
|c 1983
|
| 300 |
|
|
|a 280σ.
|
| 490 |
1 |
|
|a Επιστήμες της αγωγής ;
|v 1
|
| 504 |
|
|
|a Βιβλιογραφία : σ.258-272
|
| 650 |
|
4 |
|a ΕΚΠΑΙΔΕΥΣΗ
|
| 650 |
|
4 |
|a ΕΚΠΑΙΔΕΥΣΗ
|
| 650 |
|
4 |
|a ΠΡΟΓΡΑΜΜΑΤΑ
|
| 700 |
1 |
|
|a Φλουρής, Γεώργιος Σ.
|
| 710 |
0 |
|
|a Γρηγόρης
|
| 830 |
|
0 |
|1 00111720
|1 2001
|a Επιστήμες της αγωγής ;
|v 1
|
| 942 |
|
|
|2 ddc
|
| 952 |
|
|
|0 0
|1 0
|2 ddc
|4 0
|6 370_100000000000000_ΦΛΟ
|7 0
|9 288603
|a LISK
|b LISK
|c BSC
|d 2021-01-17
|e 24
|f 0
|g 0.00
|l 0
|o 370.1 ΦΛΟ
|p 92410011003
|r 2021-01-17 00:00:00
|t 1
|w 2021-01-17
|y BK15
|x 19991024 0 1
|x GrPaTEI
|
| 952 |
|
|
|0 0
|1 0
|2 ddc
|4 0
|6 370_100000000000000_ΦΛΟ
|7 0
|9 288604
|a LISK
|b LISK
|c BSC
|d 2021-01-17
|e 24
|f 0
|g 0.00
|l 0
|o 370.1 ΦΛΟ
|p 9241002347
|r 2021-01-17 00:00:00
|t 1
|w 2021-01-17
|y BK15
|x 19991024 0 1
|x GrPaTEI
|
| 952 |
|
|
|0 0
|1 0
|2 ddc
|4 0
|6 370_100000000000000_ΦΛΟ
|7 0
|9 288605
|a LISK
|b LISK
|c BSC
|d 2021-01-17
|e 24
|f 0
|g 0.00
|l 0
|o 370.1 ΦΛΟ
|p 9241002348
|r 2021-01-17 00:00:00
|t 1
|w 2021-01-17
|y BK15
|x 19991024 0 1
|x GrPaTEI
|
| 971 |
|
|
|a .b26550726
|b 15-04-20
|c 23-09-16
|
| 999 |
|
|
|c 168354
|d 168354
|